La guerra contra el narcotráfico en México: una guerra perdida = The war on drugs in Mexico: a lost war /

Tallennettuna:
Bibliografiset tiedot
Päätekijä: Rosen, Jonathan Daniel
Muut tekijät: Zepeda Martínez, Roberto
Aineistotyyppi: Teksti
Tagit: Lisää tagi
Ei tageja, Lisää ensimmäinen tagi!

MARC

LEADER 00000 a a2200000 04500
001 48597
003
040
100 |a Rosen, Jonathan Daniel  
245 |a La guerra contra el narcotráfico en México: una guerra perdida =   |b The war on drugs in Mexico: a lost war /  |c Jonathan Daniel Rosen , Roberto Zepeda Martínez  
700 |a Zepeda Martínez, Roberto  
773 |g volumen94, número1, (2014), páginas 153-168 : tabla, gráfico, mapa  
999 |c 37370  |d 37370